00430nam a2200121Ia 4500008004100000082002100041100002400062245002500086260005800111300001000169630001900179650011000198211109s9999||||xx |||||||||||||| ||und|| a894.81207bRAJ-S aRajan, Mohan Sundar 0aSpacile Adhbhudangal bSTATE INSTITUTE OF LANGUAGEaThiruvananthapuramc1976 a116p. xgeneral stack  a Literature & rhetoricvLiteratures of other languagesxAltaic, Uralic, Hyperborean & Dravidian Generalia